Ciencias sociales 8 /
Guardado en:
| Autor Principal: | |
|---|---|
| Otros Autores: | , , , |
| Formato: | Libro |
| Publicado: |
Buenos Aires :
Kapelusz,
2000
|
| Series: | Recorridos
|
| Materias: | |
| Etiquetas: |
Agregar Etiqueta
Sin Etiquetas, Sea el primero en etiquetar este registro!
|
| LEADER | 01694nam a22003135a 4500 | ||
|---|---|---|---|
| 001 | CEM.cems010600 | ||
| 005 | 20080228101656.0 | ||
| 008 | 130507s2000##################000#0#####d | ||
| 003 | CEMS | ||
| 020 | |a 9501308839 | ||
| 082 | 0 | 4 | |a Z302 |
| 100 | 1 | |a Souto, Patricia | |
| 245 | 1 | 0 | |a Ciencias sociales 8 / |c Patricia Souto ... [et Al. ] |
| 260 | |a Buenos Aires : |b Kapelusz, |c 2000 | ||
| 300 | |a 336 p. | ||
| 490 | 0 | |a Recorridos | |
| 500 | |a Para 8°año Egb | ||
| 505 | 0 | |a Las ciencias sociales y la oranización de la sociedad -- La organización política del espacio americano -- Población y organización del espacio urbano en América -- Las actividades económicas y la organización del espacio americano -- Recursos y ambiente en el espacio americano -- Europa en transición: el antiguo régimen (siglo XV al XVIII) -- El imperio colonial americano (siglos XVI al XVIII) -- La era de las revoluciones burguesas: el derrumbe del antiguo régimen (fines del siglo XVIII y principios del XIX) -- Las revoluciones de independencia en América Latina (fines del siglo XVIII y principios del XIX) -- La era del capital: el apogeo de la sociedad burguesa (segunda mitad del siglo XIX) -- El orden neocolonial en América Latina (segunda mitad del siglo XIX) -- La constitución nacional | |
| 653 | |a Ciencias sociales | ||
| 653 | |a Ciencia sociales-8°egb | ||
| 653 | |a Historia américa | ||
| 653 | |a Historia moderna | ||
| 653 | |a Geografía américa | ||
| 653 | |a Constitución | ||
| 700 | 1 | |a Campagne, Fabián A. | |
| 700 | 1 | |a Elbaum, Jorge | |
| 700 | 1 | |a Arca, Claudio | |
| 700 | 1 | |a Garriga, María Cristina | |
| 859 | |a CEMS |b BIB. CEMS - 11 de abril |h Z302 |i So86 |p 21152.01 |t Ej.1 |v 8º |3 8º | ||
